| 000 | 00517nam a2200193Ia 4500 | ||
|---|---|---|---|
| 005 | 20240909031644.0 | ||
| 008 | 240331s9999 xx 000 0 und d | ||
| 020 | _a0521359961 | ||
| 082 |
_bCro _a700 |
||
| 100 | _aCroce, B | ||
| 245 | 4 | _aThe aesthetic as the science of expression and of the linguistic in general | |
| 260 |
_aUnited Kingdom _bCambridge University Press _c1992 |
||
| 300 | _axxxiv, 172 p ., | ||
| 650 | _aArt | ||
| 650 | _aHistory | ||
| 650 | _aTheoretical | ||
| 650 | _aAesthetic | ||
| 942 | _cL | ||
| 999 |
_c3050 _d3050 |
||